Orientaciónes actuales de la psicología /

Guardado en:
Autor Principal: Stocker, Arnold
Formato: Libro
Publicado: Buenos Aires : Troquel, 1966
Edición:3a. ed.
Materias:
Etiquetas: Agregar Etiqueta
Sin Etiquetas, Sea el primero en etiquetar este registro!
LEADER 00566nam a22002055a 4500
001 CEM.cems006078
005 20060214000000.0
008 130507s1966##################000#0#####d
003 CEMS
082 0 4 |a 150.19 
100 1 |a Stocker, Arnold 
245 1 0 |a Orientaciónes actuales de la psicología / 
250 |a 3a. ed. 
260 |a Buenos Aires :  |b Troquel,  |c 1966 
300 |a 125 p. 
653 |a Conductismo 
653 |a Psicoanalisis 
653 |a Psicología 
653 |a Psicología de la gestalt 
859 |a CEMS  |b BIB. CEMS - 11 de abril  |h 150.19  |i St62a3  |p 4249.75  |t Ej.1